| 000 -LEADER |
| fixed length control field |
00789nam a22002057a 4500 |
| 005 - DATE AND TIME OF LATEST TRANSACTION |
| control field |
20240416115309.0 |
| 008 - FIXED-LENGTH DATA ELEMENTS--GENERAL INFORMATION |
| fixed length control field |
240416s2007 enk||||| |||| 00| 0 eng d |
| 020 ## - INTERNATIONAL STANDARD BOOK NUMBER |
| International Standard Book Number |
9781432507855x |
| 041 ## - LANGUAGE CODE |
| Language code of text/sound track or separate title |
eng |
| 080 ## - UNIVERSAL DECIMAL CLASSIFICATION NUMBER |
| Universal Decimal Classification number |
616.21(075.8) B-96 |
| 100 ## - MAIN ENTRY--PERSONAL NAME |
| Personal name |
Burnett, Charles H. |
| 9 (RLIN) |
21807 |
| 245 ## - TITLE STATEMENT |
| Title |
A Textbook on Diseases of the Ear, Nose and Throat |
| Statement of responsibility, etc. |
Charles H. Burnett, E. Fletcher Ingals, James E. Newcomb. |
| 264 ## - PRODUCTION, PUBLICATION, DISTRIBUTION, MANUFACTURE, AND COPYRIGHT NOTICE |
| Place of production, publication, distribution, manufacture |
Philadelphia : |
| Name of producer, publisher, distributor, manufacturer |
Lippincott Company, |
| Date of production, publication, distribution, manufacture, or copyright notice |
2007. |
| 300 ## - PHYSICAL DESCRIPTION |
| Extent |
716 p.: |
| Other physical details |
ill. ; |
| Dimensions |
28 cm. |
| 653 ## - INDEX TERM--UNCONTROLLED |
| keyword |
ყელ ყურ ცხვირის დაავადებები |
| 653 ## - INDEX TERM--UNCONTROLLED |
| keyword |
მედიცინა |
| 700 ## - ADDED ENTRY--PERSONAL NAME |
| Personal name |
Ingals, E. Fletcher |
| Relator term |
ავტორი |
| 9 (RLIN) |
21808 |
| 700 ## - ADDED ENTRY--PERSONAL NAME |
| Personal name |
Newcomb, James E. |
| Relator term |
ავტორი |
| 9 (RLIN) |
21809 |
| 942 ## - ADDED ENTRY ELEMENTS (KOHA) |
| Source of classification or shelving scheme |
|
| Koha item type |
წიგნი |